Niektóre państwa Unii Europejskiej - Statystyki

Ogólne statystyki
  • Ten quiz został rozwiązany 21 razy
  • Średni wynik to 17 z 18
Statystyki odpowiedzi
Obrazkowy Odpowiedź % Poprawnych
Francja
100%
Niemcy
100%
Polska
100%
Włochy
100%
Belgia
95%
Chorwacja
95%
Cypr
95%
Czechy
95%
Grecja
95%
Hiszpania
95%
Portugalia
95%
Słowacja
95%
Dania
90%
Estonia
90%
Luksemburg
90%
Malta
90%
Bułgaria
85%
Węgry
85%
Nie znaleziono quizów pasujących do podanych kryteriów
Rozkład punktacji
Procent ludzi z każdym wynikiem
Percentyl według liczby udzielonych odpowiedzi
Twoja historia wyników
Nie rozwiązałeś tego quizu